00912naa#a2200181#i#4500001001600000005001700016011001400033100004100047102000700088200019600095210020100291215001100492608004500503675004500548700005800593700005200651856002700703RU\\bibl\12683520260701011709.3##a2782-4926##a20260630b2026####ek#y0rusy0150####ca##aRU1#aИНТЕГРАЦИЯ ФЛЕЙТЫ В ЗАПАДНУЮ РОК- МУЗЫКУ ВТОРОЙ ПОЛОВИНЫ XX ВЕКА: ОПЫТ СИСТЕМАТИЗАЦИИeЖурнальная статья1#aКрасноярскcКрасноярская региональная общественная организация Содружество просветителей Красноярьяd2026##a11 с.##aЖурнальная статья2local##aМузыкальные стили. 78.03#1aХолодоваgМария Владимировна#1aШиршакgМихаил Васильевич4#asiberianart-journal.ru